Widok standardowy
Widok MARC
Pozycja Corporate Name
Liczba rekordów, w których użyto hasła: 1
001 - Numer kontrolny
- control field: 38860
003 - Identyfikator numeru kontrolnego
- control field: NUKAT
005 - Data i czas ostatniej modyfikacji
- control field: 20260324101315.0
008 - Dane kontrolne kodowane (40 znaków)
- fixed length control field: 070308n||aaznnbabn |a ana |c
010 ## - Numer kontrolny Biblioteki Kongresu
- numer kontrolny LC: s 2007252207
040 ## - Instytucja sporządzająca rekord
- inst. przygot. dane do rek. khw: GD U/ISS
- język haseł przedmiotowych/tezaurus: kaba
- inst. wprow. rek. khw: GD U/ISS
110 2# - Hasło - nazwa ciała zbiorowego
- nazwa ciała zbior. lub geogr. na pocz.: Zakład Narodowy im. Ossolińskich
- określnik rzeczowy: rocznice.